Sports Quiz

Random Sports or WWE Quiz

WWE Raw Main Events 2014 Quiz Stats

 Plays Quiz not verified by Sporcle

Challenge
Share
Tweet
Score 0/178 Timer 13:00
0 Plays Today
Date Wrestler % Correct
Jan 27th - 6-Man Tag Team MatchJohn Cena
99.6%
Feb 10th - Singles MatchJohn Cena
99.6%
Apr 21st - 3 on 1 Handicap MatchJohn Cena
99.6%
May 19th - Singles MatchJohn Cena
99.6%
Jun 9th - 6-Man Tag Team MatchJohn Cena
99.6%
Jun 16th - Stretcher MatchJohn Cena
99.6%
Jun 23rd - 4 on 3 Handicap MatchJohn Cena
99.6%
Jun 30th - Tag Team MatchJohn Cena
99.6%
Jul 7th - Singles MatchJohn Cena
99.6%
Jul 14th - 3 on 2 Handicap MatchJohn Cena
99.6%
Aug 25th - 6-Man Tag Team MatchJohn Cena
99.6%
Sep 1st - 6-Man Tag Team MatchJohn Cena
99.6%
Sep 22nd - Singles MatchJohn Cena
99.6%
Sep 29th - Tag Team MatchJohn Cena
99.6%
Oct 6th - 3 on 1 Handicap MatchJohn Cena
99.6%
Oct 13th - Contract on a Pole MatchJohn Cena
99.6%
Oct 20th - 3 on 2 Handicap MatchJohn Cena
99.6%
Oct 27th - Singles MatchJohn Cena
99.6%
Nov 10th - Singles MatchJohn Cena
99.6%
Nov 24th - 3 on 2 Handicap MatchJohn Cena
99.6%
Dec 1st - 6-Man Tag Team MatchJohn Cena
99.6%
Dec 8th - Singles MatchJohn Cena
99.6%
Dec 15th - Steel Cage MatchJohn Cena
99.6%
Jan 27th - 6-Man Tag Team MatchSeth Rollins
99%
Mar 24th - Tag Team MatchSeth Rollins
99%
Apr 14th - 11 on 3 Handicap MatchSeth Rollins
99%
May 5th - 6-Man Tag Team MatchSeth Rollins
99%
Jul 7th - Singles MatchSeth Rollins
99%
Jul 14th - 3 on 2 Handicap MatchSeth Rollins
99%
Jul 28th - Singles MatchSeth Rollins
99%
Aug 4th - Beat the Clock Challenge MatchSeth Rollins
99%
Aug 18th - Falls Count Anywhere MatchSeth Rollins
99%
Sep 1st - 6-Man Tag Team MatchSeth Rollins
99%
Sep 15th - Singles MatchSeth Rollins
99%
Oct 6th - 3 on 1 Handicap MatchSeth Rollins
99%
Oct 20th - 3 on 2 Handicap MatchSeth Rollins
99%
Oct 27th - Singles MatchSeth Rollins
99%
Nov 3rd - Singles MatchSeth Rollins
99%
Nov 24th - 3 on 2 Handicap MatchSeth Rollins
99%
Dec 1st - 6-Man Tag Team MatchSeth Rollins
99%
Dec 15th - Steel Cage MatchSeth Rollins
99%
Jan 6th - Singles MatchRoman Reigns
98.8%
Jan 27th - 6-Man Tag Team MatchRoman Reigns
98.8%
Feb 24th - Singles MatchRoman Reigns
98.8%
Apr 14th - 11 on 3 Handicap MatchRoman Reigns
98.8%
Apr 28th - Singles MatchRoman Reigns
98.8%
May 5th - 6-Man Tag Team MatchRoman Reigns
98.8%
May 12th - Singles MatchRoman Reigns
98.8%
Jun 9th - 6-Man Tag Team MatchRoman Reigns
98.8%
Jun 23rd - 4 on 3 Handicap MatchRoman Reigns
98.8%
Jun 30th - Tag Team MatchRoman Reigns
98.8%
Jul 14th - 3 on 2 Handicap MatchRoman Reigns
98.8%
Sep 1st - 6-Man Tag Team MatchRoman Reigns
98.8%
Sep 8th - Singles MatchRoman Reigns
98.8%
Sep 15th - Singles MatchRoman Reigns
98.8%
Jan 27th - 6-Man Tag Team MatchDean Ambrose
98.6%
Mar 24th - Tag Team MatchDean Ambrose
98.6%
Apr 14th - 11 on 3 Handicap MatchDean Ambrose
98.6%
May 5th - 6-Man Tag Team MatchDean Ambrose
98.6%
Jun 9th - 6-Man Tag Team MatchDean Ambrose
98.6%
Date Wrestler % Correct
Jul 21st - Singles MatchDean Ambrose
98.6%
Aug 18th - Falls Count Anywhere MatchDean Ambrose
98.6%
Sep 29th - Tag Team MatchDean Ambrose
98.6%
Oct 13th - Contract on a Pole MatchDean Ambrose
98.6%
Oct 20th - 3 on 2 Handicap MatchDean Ambrose
98.6%
Dec 22nd - Miracle on the 34th Street FightDean Ambrose
98.6%
Jan 20th - Singles MatchRandy Orton
97.5%
Feb 3rd - Singles MatchRandy Orton
97.5%
Feb 10th - Singles MatchRandy Orton
97.5%
Feb 17th - Singles MatchRandy Orton
97.5%
Mar 10th - Tag Team MatchRandy Orton
97.5%
Mar 31st - No DQ MatchRandy Orton
97.5%
Apr 28th - Singles MatchRandy Orton
97.5%
Jun 23rd - 4 on 3 Handicap MatchRandy Orton
97.5%
Jun 30th - Tag Team MatchRandy Orton
97.5%
Jul 14th - 3 on 2 Handicap MatchRandy Orton
97.5%
Aug 11th - Singles MatchRandy Orton
97.5%
Sep 1st - 6-Man Tag Team MatchRandy Orton
97.5%
Sep 8th - Singles MatchRandy Orton
97.5%
Sep 22nd - Singles MatchRandy Orton
97.5%
Sep 29th - Tag Team MatchRandy Orton
97.5%
Oct 6th - 3 on 1 Handicap MatchRandy Orton
97.5%
Oct 20th - 3 on 2 Handicap MatchRandy Orton
97.5%
Nov 3rd - Singles MatchRandy Orton
97.5%
Jan 13th - Steel Cage Tag Team MatchDaniel Bryan
97.3%
Jan 27th - 6-Man Tag Team MatchDaniel Bryan
97.3%
Feb 3rd - Singles MatchDaniel Bryan
97.3%
Mar 3rd - Singles MatchDaniel Bryan
97.3%
Mar 10th - Tag Team MatchDaniel Bryan
97.3%
Apr 7th - WWE World Heavyweight Championship MatchDaniel Bryan
97.3%
Jun 16th - Stretcher MatchKane
96.9%
Jun 30th - Tag Team MatchKane
96.9%
Jul 14th - 3 on 2 Handicap MatchKane
96.9%
Sep 1st - 6-Man Tag Team MatchKane
96.9%
Sep 29th - Tag Team MatchKane
96.9%
Oct 6th - 3 on 1 Handicap MatchKane
96.9%
Oct 20th - 3 on 2 Handicap MatchKane
96.9%
Dec 1st - 6-Man Tag Team MatchKane
96.9%
Jan 13th - Steel Cage Tag Team MatchBray Wyatt
96.5%
Feb 24th - Singles MatchBray Wyatt
96.5%
Mar 17th - Singles MatchBray Wyatt
96.5%
Apr 21st - 3 on 1 Handicap MatchBray Wyatt
96.5%
May 5th - 6-Man Tag Team MatchBray Wyatt
96.5%
Jun 9th - 6-Man Tag Team MatchBray Wyatt
96.5%
Jun 23rd - 4 on 3 Handicap MatchBray Wyatt
96.5%
Aug 25th - 6-Man Tag Team MatchBray Wyatt
96.5%
Dec 22nd - Miracle on the 34th Street FightBray Wyatt
96.5%
Jan 13th - Steel Cage Tag Team MatchJey Uso
96.3%
Jan 13th - Steel Cage Tag Team MatchJimmy Uso
96.3%
Nov 17th - 8-Man Tag Team MatchJey Uso
96.3%
Nov 17th - 8-Man Tag Team MatchJimmy Uso
96.3%
Mar 10th - Tag Team MatchBig Show
95%
Apr 21st - 3 on 1 Handicap MatchLuke Harper
95%
May 5th - 6-Man Tag Team MatchLuke Harper
95%
May 19th - Singles MatchLuke Harper
95%
Jun 9th - 6-Man Tag Team MatchLuke Harper
95%
Aug 25th - 6-Man Tag Team MatchBig Show
95%
Aug 25th - 6-Man Tag Team MatchLuke Harper
95%
Dec 1st - 6-Man Tag Team MatchLuke Harper
95%
Dec 8th - Singles MatchBig Show
95%
Date Wrestler % Correct
Nov 24th - 3 on 2 Handicap MatchDolph Ziggler
94%
Dec 1st - 6-Man Tag Team MatchDolph Ziggler
94%
Apr 21st - 3 on 1 Handicap MatchErick Rowan
93.6%
May 5th - 6-Man Tag Team MatchErick Rowan
93.6%
Jun 9th - 6-Man Tag Team MatchErick Rowan
93.6%
Aug 25th - 6-Man Tag Team MatchErick Rowan
93.6%
Apr 7th - WWE World Heavyweight Championship MatchTriple H
93.4%
Nov 17th - 8-Man Tag Team MatchThe Miz
91.5%
Dec 29th - Tag Team MatchThe Miz
91.5%
Jun 2nd - Tag Team MatchGoldust
89.7%
Nov 17th - 8-Man Tag Team MatchGoldust
89.7%
Nov 17th - 8-Man Tag Team MatchStardust
89.7%
Apr 14th - 11 on 3 Handicap MatchRyback
89.1%
Jun 2nd - Tag Team MatchRyback
89.1%
Nov 10th - Singles MatchRyback
89.1%
Dec 1st - 6-Man Tag Team MatchRyback
89.1%
Nov 17th - 8-Man Tag Team MatchDamien Mizdow
89%
Dec 29th - Tag Team MatchDamien Mizdow
89%
Mar 3rd - Singles MatchBatista
88.2%
Mar 10th - Tag Team MatchBatista
88.2%
Mar 31st - No DQ MatchBatista
88.2%
May 12th - Singles MatchBatista
88.2%
Mar 24th - Tag Team MatchCesaro
87%
Jun 23rd - 4 on 3 Handicap MatchCesaro
87%
Jul 21st - Singles MatchCesaro
87%
Jan 6th - Singles MatchCM Punk
86.2%
Jan 27th - 6-Man Tag Team MatchSheamus
85.9%
Feb 17th - Singles MatchSheamus
85.9%
May 26th - Singles MatchSheamus
85.9%
Jun 23rd - 4 on 3 Handicap MatchSheamus
85.9%
Aug 11th - Singles MatchSheamus
85.9%
Mar 24th - Tag Team MatchJack Swagger
82.9%
Apr 14th - 11 on 3 Handicap MatchJack Swagger
82.9%
Apr 14th - 11 on 3 Handicap MatchCurtis Axel
80.2%
Jun 2nd - Tag Team MatchCurtis Axel
80.2%
Apr 14th - 11 on 3 Handicap MatchRusev
78.7%
Nov 24th - 3 on 2 Handicap MatchJoey Mercury
77.5%
Aug 25th - 6-Man Tag Team MatchMark Henry
77.3%
Nov 24th - 3 on 2 Handicap MatchJamie Noble
77.1%
Jan 20th - Singles MatchKofi Kingston
74.6%
Mar 17th - Singles MatchKofi Kingston
74.6%
Apr 14th - 11 on 3 Handicap MatchAlberto del Rio
72.1%
May 26th - Singles MatchAlberto del Rio
72.1%
Jun 23rd - 4 on 3 Handicap MatchAlberto del Rio
72.1%
Apr 14th - 11 on 3 Handicap MatchHeath Slater
71.3%
Aug 4th - Beat the Clock Challenge MatchHeath Slater
71.3%
Nov 17th - 8-Man Tag Team MatchDiego
69.4%
Nov 17th - 8-Man Tag Team MatchFernando
68.2%
Jul 28th - Singles MatchChris Jericho
67.8%
Sep 1st - 6-Man Tag Team MatchChris Jericho
67.8%
Apr 14th - 11 on 3 Handicap MatchBad News Barrett
67.1%
Dec 29th - Tag Team MatchViktor
66.3%
Dec 29th - Tag Team MatchKonnor
64.9%
Apr 14th - 11 on 3 Handicap MatchTitus O'Neil
63.4%
Apr 14th - 11 on 3 Handicap MatchJinder Mahal
53.7%
Apr 14th - 11 on 3 Handicap MatchDrew McIntyre
53.1%
Apr 14th - 11 on 3 Handicap MatchFandango
47.9%
Jun 2nd - Tag Team MatchSin Cara
43.2%

You're not logged in!

Compare scores with friends on all Sporcle quizzes.
Join for Free
OR
Log In

You Might Also Like...

Show Comments

Extras

Top Quizzes Today


Score Distribution

Your Account Isn't Verified!

In order to create a playlist on Sporcle, you need to verify the email address you used during registration. Go to your Sporcle Settings to finish the process.

Report this User

Report this user for behavior that violates our Community Guidelines.

Details: